LEADER 00482nab a2200157 i 4500 001 000000270095 003 CaOOAMICUS 005 20190625124220.0 008 081210n xx uu u0 0und r 013 $a16248 040 $aSeMil$bita 245 10$aFascicolo 849. 500 $aNOVEMBRE-DICEMBRE 2008 (N. 849). 773 0 $t[2008 : fascicoli 844-849].$dMilano : Scuola Beato Angelico, copyr. 2008.$w()170202 996 $6245$aFascicolo 849$9(OLS)http://semarc/title/423980 LEADER 00841nam a2200217 i 4500 001 000000232788 003 CaOOAMICUS 005 20140904000000.0 008 140904n it u000 u ita u 013 $a211691 040 $aSeMil$bita 100 1 $aAlighieri, Dante,$d<1265-1321>.$0(OLS)http://semarc/name/453 245 10$aInferno. 300 $aXXV, 864 p. :$bill. 490 0 $aLa biblioteca di Repubblica. Magnifica ;$v1 773 0 $aAlighieri, Dante <1265-1321>$tDivina Commedia.$dRoma : La Biblioteca di Repubblica, 2005.$g1$w()30488 830 3$aLa biblioteca di Repubblica. Magnifica ;$v1.$0(OLS)http://semarc/title/41511 850 $aSeMil 852 $aSeMil$W1$xVenegono$y1$m1O IV 169$j183134$B183134$CSeMilBibl$Z2$F195042 $81 961 $aLascito: Serenthà don Mario 996 $6245$aInferno$9(OLS)http://semarc/title/59496